000 00763nam a2200157Ia 4500
008 090124s9999 xx 000 0 und d
082 _b19693
245 _a रामकृष्ण गो. भांडारकर : धर्मपर लेख व व्याख्यानें
250 _a1
260 _bमनोरंजन प्रेस
_c1919
300 _a611
630 _a रामकृष्ण गो. भांडारकर : धर्मपर लेख व व्याख्यानें
700 _aवैद्य व्दारकानाथ गोविंद
730 _a रामकृष्ण गो. भांडारकर : धर्मपर लेख व व्याख्यानें
942 _cBOOK
999 _c90588
_d90588